[Event "CFriend WC-2009-P-00013"]
[Site "Chessfriend.com"]
[Date "2005.02.28"]
[Round "1"]
[White "Marchand, Jean Louis"]
[Black "Luise, Massimo"]
[Result "1-0"]
[WhiteElo "2339"]
[BlackElo "2274"]
[PlyCount "67"]
[EventDate "2005.??.??"]
[EventType "tourn (corr)"]
[EventRounds "6"]
[SourceTitle "Corr 2008"]
[Source "ChessBase"]
[SourceDate "2008.06.24"]
[SourceVersion "1"]
[SourceVersionDate "2008.06.24"]
[SourceQuality "1"]

1. e4 e6 2. d4 d5 3. Nd2 dxe4 4. Nxe4 Bd7 5. Nf3 Bc6 6. Bd3 Nd7 7. 0-0 Ngf6 8. Ng3 Be7 9. Re1 Bxf3 10. Qxf3 c6 11. c3 0-0 12. Bf4 Re8 13. Rad1 Nf8 14. a3 Ng6 15. Bc1 Qd5 16. Ne4 Rad8 17. g3 Nxe4 18. Bxe4 Qb3 19. h4 a6 20. Rd2 Qb6 21. Rde2 Qb5 22. Bd3 Qb3 23. Qg4 Kh8 24. h5 Nf8 25. h6 g6 26. Bg5 Bxg5 27. Qxg5 Nd7 28. Qf4 Kg8 29. g4 Qd5 30. c4 Qa5 31. Bc2 b5 32. d5 cxd5 33. cxd5 e5 34. Rxe5 1-0

[Event "CFriend WC-2009-P-00013"]
[Site "Chessfriend.com"]
[Date "2005.02.28"]
[Round "1"]
[White "Marchand, Jean Louis"]
[Black "Rawlings, Alan JC"]
[Result "1-0"]
[WhiteElo "2339"]
[BlackElo "2136"]
[PlyCount "87"]
[EventDate "2005.??.??"]
[EventType "tourn (corr)"]
[EventRounds "6"]
[SourceTitle "Corr 2008"]
[Source "ChessBase"]
[SourceDate "2008.06.24"]
[SourceVersion "1"]
[SourceVersionDate "2008.06.24"]
[SourceQuality "1"]

1. e4 c6 2. d4 d5 3. e5 c5 4. dxc5 Nc6 5. Bb5 e6 6. Qg4 Bd7 7. Bxc6 Bxc6 8. Nf3 h5 9. Qd4 Ne7 10. Bg5 Qc7 11. b4 Nf5 12. Qb2 d4 13. Nbd2 a5 14. a3 b6 15. 0-0 bxc5 16. b5 Rb8 17. c4 dxc3 18. Qxc3 Rxb5 19. Rfb1 Rxb1+ 20. Rxb1 h4 21. Qc4 h3 22. g4 Ne7 23. Qxc5 Kd7 24. Qe3 Nd5 25. Qd3 Bc5 26. Ne4 Bb6 27. Rc1 Qa7 28. Nfd2 Bd4 29. Qf3 Rf8 30. Nb3 Qb6 31. Nec5+ Bxc5 32. Nxc5+ Ke8 33. Qd3 Bb5 34. Qb1 f6 35. Qg6+ Rf7 36. Ne4 Bd3 37. Nd6+ Qxd6 38. Rc8+ Kd7 39. Qxf7+ Qe7 40. Qxe7+ Kxe7 41. exf6+ gxf6 42. Bd2 Be2 43. g5 fxg5 44. Bxg5+ 1-0

[Event "CFriend SH-2004-0-00027 email"]
[Site "Chessfriend.com"]
[Date "2004.12.15"]
[Round "1"]
[White "Marchand, Jean Louis"]
[Black "Smith, Douglas Royston"]
[Result "1-0"]
[WhiteElo "2339"]
[BlackElo "1963"]
[PlyCount "55"]
[EventDate "2004.??.??"]
[EventType "tourn (corr)"]
[EventRounds "8"]
[SourceTitle "Corr 2008"]
[Source "ChessBase"]
[SourceDate "2008.06.24"]
[SourceVersion "1"]
[SourceVersionDate "2008.06.24"]
[SourceQuality "1"]

1. e4 d5 2. exd5 Nf6 3. d4 Nxd5 4. Be2 Bf5 5. Nf3 e6 6. 0-0 Be7 7. a3 0-0 8. c4 Nf6 9. Nc3 Ne4 10. Nxe4 Bxe4 11. Bd3 Bxd3 12. Qxd3 c5 13. d5 exd5 14. cxd5 Nd7 15. d6 Bf6 16. Rb1 Ne5 17. Nxe5 Bxe5 18. Rd1 Qh4 19. g3 Qf6 20. d7 Rfd8 21. Be3 b6 22. Qe4 h6 23. b4 cxb4 24. axb4 Rab8 25. Rbc1 Bd6 26. Qc6 Be5 27. b5 Qe7 28. Rc4 1-0

[Event "CFriend SH-2004-0-00027 email"]
[Site "Chessfriend.com"]
[Date "2004.12.15"]
[Round "1"]
[White "Tsochev, Evgeni"]
[Black "Marchand, Jean Louis"]
[Result "0-1"]
[WhiteElo "2070"]
[BlackElo "2339"]
[PlyCount "20"]
[EventDate "2004.??.??"]
[EventType "tourn (corr)"]
[EventRounds "8"]
[SourceTitle "Corr 2024"]
[Source "ChessBase"]
[SourceDate "2023.10.19"]
[SourceVersion "1"]
[SourceVersionDate "2023.10.19"]
[SourceQuality "1"]

1. e4 e6 2. d4 c5 3. Nf3 cxd4 4. Nxd4 Bc5 5. Nb3 Bb6 6. Nc3 Nc6 7. Nb5 d5 8. exd5 exd5 9. Bf4 Nf6 10. Qe2+ Ne7 0-1

[Event "IECG CA.2004.0.00122 email"]
[Site "IECG email"]
[Date "2004.04.23"]
[Round "?"]
[White "Marchand, Jean Louis"]
[Black "Polevoy, Nickolay"]
[Result "1/2-1/2"]
[WhiteElo "2100"]
[BlackElo "2146"]
[PlyCount "65"]
[EventDate "2004.04.23"]
[EventType "tourn (corr)"]
[EventRounds "6"]
[SourceTitle "Corr 2008"]
[Source "ChessBase"]
[SourceDate "2008.06.24"]
[SourceVersion "1"]
[SourceVersionDate "2008.06.24"]
[SourceQuality "1"]

1. d4 Nf6 2. c4 d6 3. Nf3 g6 4. Nc3 Bg7 5. e4 0-0 6. Be2 e5 7. Be3 Na6 8. 0-0 Ng4 9. Bg5 Qe8 10. dxe5 dxe5 11. h3 f6 12. Bd2 Nh6 13. c5 Nxc5 14. Nd5 Ne6 15. Qc1 Nf7 16. Bb4 c6 17. Bxf8 Qxf8 18. Ne3 Nd6 19. Qc2 f5 20. exf5 gxf5 21. Bc4 Nxc4 22. Qxc4 Kh8 23. Rad1 e4 24. Nd4 Nf4 25. b4 a5 26. f3 Nd3 27. Ndxf5 Bxf5 28. fxe4 Nb2 29. Qe2 Nxd1 30. Qxd1 axb4 31. Nxf5 Qc5+ 32. Kh1 Rf8 33. Qd7 1/2-1/2

[Event "IECG CA.2003.0.00112 email"]
[Site "IECG email"]
[Date "2003.12.17"]
[Round "?"]
[White "Hansen, John"]
[Black "Marchand, Jean Louis"]
[Result "1/2-1/2"]
[WhiteElo "2100"]
[BlackElo "2100"]
[PlyCount "31"]
[EventDate "2003.12.17"]
[EventType "tourn (corr)"]
[EventRounds "6"]
[SourceTitle "Corr 2008"]
[Source "ChessBase"]
[SourceDate "2008.06.24"]
[SourceVersion "1"]
[SourceVersionDate "2008.06.24"]
[SourceQuality "1"]

1. e4 e5 2. Nf3 Nc6 3. Bc4 Bc5 4. c3 Nf6 5. d3 a6 6. Nbd2 Ba7 7. Bb3 d5 8. h3 dxe4 9. dxe4 0-0 10. 0-0 Qe7 11. Re1 Be6 12. Qe2 Rfd8 13. Nf1 Bxb3 14. axb3 Rd7 15. Bg5 Rad8 16. b4 1/2-1/2